| 000 | 00376nam a2200133Ia 4500 | ||
|---|---|---|---|
| 008 | 210430s9999 xx 000 0 und d | ||
| 020 | _a978-969-8223-09-0 | ||
| 082 | _a500 E9616 E | ||
| 100 |
_aN. M. Butt S.I _954404 |
||
| 245 | 4 |
_aThe Excitement of Science _cN. M. Butt S.I |
|
| 260 |
_aIslamabad _bPakistan Academy of Sciences _c2009 |
||
| 300 | _a145 p | ||
| 942 |
_cBK _2ddc |
||
| 999 |
_c564980 _d564980 |
||